[Event "FIDE Chesscom Grand Swiss 2021"]
[Site "Riga"]
[Date "2021.10.28"]
[Round "2.38"]
[White "Bjerre, Jonas Buhl"]
[Black "Demchenko, Anton"]
[Result "0-1"]
[WhiteElo "2569"]
[BlackElo "2651"]
[Annotator "TA"]
[PlyCount "148"]
[EventDate "2021.10.27"]
[EventType "swiss"]
[EventCountry "LAT"]
[Tiebreak "Cut1 Buchholz+Sonneborn-Berger (Swiss)"]
[SourceTitle "playchess.com"]
[Source "ChessBase"]
[SourceQuality "1"]

{[%evp 11,148,32,39,31,50,41,42,45,51,33,29,36,31,20,26,20,33,24,33,20,39,13,1,
7,15,0,0,0,0,0,0,0,0,-60,-50,-85,0,-16,-15,-19,-6,-34,0,-25,-33,-27,-34,-43,
-39,-35,-22,-38,-39,-47,-54,-69,-69,-135,-52,-62,-61,-64,-56,-58,-29,-30,-28,
-60,0,0,0,-70,-57,-64,-54,-80,-36,-41,-41,-41,-45,-42,-31,-152,-158,-157,-141,
-141,-48,-91,-91,-139,-138,-122,-37,-49,-36,-50,-41,-88,-88,-88,-88,-170,-174,
-173,-172,-160,-177,-184,-168,-183,-182,-152,-180,-149,-143,-162,-173,-173,
-159,-170,-154,-154,-164,-150,-140,-12842,-12842,-12850,-27999,-27999,-27999,
-27999,-27999,-27999,-27998,-27999,-27998]} 1. e4 e5 2. Nf3 Nc6 3. Bb5 a6 4.
Ba4 Nf6 5. O-O d6 6. Re1 Bg4 7. c3 {C79: Ruy Lopez: Steinitz-type lines with 3.
..a6 4 Ba4 Nf6 5 0-0 d6.} Nd7 8. h3 Bxf3 9. Qxf3 {[#] White is slightly better.
} g6 $146 ({Predecessor:} 9... Be7 10. d4 O-O 11. Be3 Bg5 12. d5 Ncb8 13. Nd2
Bxe3 14. Qxe3 Qh4 15. b4 a5 {1-0 (29) Unzicker,W-Ribeiro,J Munich 1954}) 10. d4
Bg7 11. dxe5 Ncxe5 12. Qg3 Bf6 13. Nd2 h5 14. Nf3 h4 15. Qf4 c6 16. Qe3 Nxf3+
17. Qxf3 Bg5 18. Qd1 (18. Be3 {feels hotter.} Ne5 19. Qe2 Bxe3 20. Qxe3 g5 21.
Rad1) 18... Bxc1 19. Rxc1 Qf6 20. b4 Ne5 21. c4 g5 22. b5 (22. Rc3 $11) 22...
axb5 $15 23. cxb5 O-O (23... c5 $1 $17) 24. bxc6 bxc6 25. Bb3 Rab8 26. Qd2 (26.
Re3 {keeps more tension.} Rb6 27. a4 Ra8 28. Rb1 Kg7 29. Ba2) 26... Qf4 27.
Qxf4 (27. Qc3 {looks sharper.} c5 28. a4 c4 29. Bc2 Rb7 30. Ra1) 27... gxf4 28.
Rc3 Kg7 29. g3 hxg3 30. fxg3 fxg3 31. Rf1 Rh8 32. Rxg3+ Kf8 33. Rd1 Ke7 34. Rd4
(34. Rd2 $15) 34... Ra8 ({Black should try} 34... Rh4 $17 35. Ra4 Kf6) 35. Rb4
Ra7 36. a4 Rh4 37. Bc2 $1 d5 38. Rgb3 dxe4 39. Bxe4 Kd6 (39... c5 $1 $15 40.
Rb7+ Rxb7 41. Rxb7+ Kf6) 40. Bc2 $1 $11 Rxa4 41. Rxh4 (41. Rxa4 $11 Rxa4 42.
Rd3+ {[%mdl 64] Discovered Attack} Nxd3 43. Bxa4) 41... Rxh4 {[%mdl 4096]
Endgame KRB-KRN} 42. Kg2 Rc4 43. Bf5 Ke7 44. Rb2 c5 45. Kg3 Kf6 46. Bb1 Rc1 47.
Kf4 (47. Rb6+ $15 Kg7 48. Rb7) 47... Nc4 $1 $17 {[%cal Rc4b2]} 48. Rb8 Rf1+ 49.
Kg3 Nd2 ({Black should play} 49... Nd6 $1 $17 {Hoping for ...c4.} 50. Kg2 Rf4)
50. Bc2 Rf3+ 51. Kg4 Rc3 52. Bh7 Rc4+ (52... Nc4 $17 53. Rb7 Ke6) 53. Kg3 $15
Nf1+ 54. Kf2 Rf4+ 55. Ke2 Ng3+ 56. Ke3 Rh4 57. Bc2 (57. Bd3 $17 {was necessary.
}) 57... Rxh3 $19 58. Rc8 Nf5+ {[%mdl 64] Discovered Attack (Double check)} 59.
Kd2 Nd4 {Threatens to win with ...Rh2+.} 60. Bd1 Rh2+ 61. Kd3 Rh1 62. Kd2 {[#]}
Ne6 $1 63. Bg4 {[#]} Ng5 $1 64. Rc6+ Ke7 65. Bf5 Rh5 {...Nf3+ is the strong
threat.} 66. Bg4 Rh4 67. Bf5 Rd4+ 68. Ke3 Rd5 69. Kf4 $2 {[%mdl 8192] Loses
the game.} (69. Bd3 $17) 69... Ne6+ 70. Bxe6 fxe6 71. Ke4 {Black mates.} Kd7
72. Ra6 Rd1 73. Rb6 Kc7 74. Ra6 Kb7 {Weighted Error Value: White=0.19/Black=0.
12} 0-1

[Event "FIDE Chesscom Grand Swiss 2021"]
[Site "Riga"]
[Date "2021.10.28"]
[Round "2.39"]
[White "Nguyen, Thai Dai Van"]
[Black "Donchenko, Alexander"]
[Result "0-1"]
[WhiteElo "2577"]
[BlackElo "2648"]
[Annotator "TA"]
[PlyCount "114"]
[EventDate "2021.10.27"]
[EventType "swiss"]
[EventCountry "LAT"]
[Tiebreak "Cut1 Buchholz+Sonneborn-Berger (Swiss)"]
[SourceTitle "playchess.com"]
[Source "ChessBase"]
[SourceQuality "1"]

{[%evp 19,114,0,0,0,0,0,0,0,0,0,0,-27,0,0,0,-25,0,0,22,0,0,-7,24,0,0,-23,7,0,9,
-18,0,-38,-35,-45,-32,-56,0,0,0,-100,-44,-45,-38,-39,-39,-91,-84,-78,-81,-76,
-87,-297,-333,-362,-334,-300,-308,-309,-312,-310,-293,-280,-262,-313,-300,-310,
-304,-307,-254,-441,-431,-440,-439,-455,-455,-455,-432,-556,-556,-625,-618,
-647,-646,-742,-714,-923,-943,-858,-868,-868,-866,-976,-983,-948,-920,-897,
-854]} 1. d4 Nf6 2. c4 g6 3. Nc3 Bg7 4. e4 d6 5. Nf3 O-O 6. Be2 Na6 7. O-O e5
8. Be3 Qe7 9. dxe5 dxe5 10. h3 c6 11. Qc2 {E91: King's Indian: Classical: 6
Be2, unusual replies including 6...c5 and 6...Bg4.} Re8 $5 {[%mdl 4] [#]
Leaves trodden paths.} 12. Rfd1 $146 ({Predecessor:} 12. Rad1 Nh5 13. a3 Nc5
14. b4 {0-1 (76) Saric,A (2502)-Shimanov,A (2648) Chess.com INT 2016}) 12...
Nh5 13. a3 {The position is equal.} Nf4 14. Bf1 Qf6 15. Ne1 Ne6 16. Nf3 Nf4 17.
Ne1 Ne6 18. Nf3 h5 19. Qc1 Nac5 20. Qc2 Na6 21. Qc1 Nf4 22. Ne1 h4 23. Nd3 {
[%cal Rd3f4]} Bh6 24. c5 (24. b4 {is more complex.} Nc7 25. Nc5 b6 26. Nb3 Nce6
27. Kh1) 24... Nc7 25. Nxf4 exf4 26. Bd2 Ne6 27. b4 Nd4 ({Black should try} 
27... Bg7 $15) 28. Rb1 $1 $11 g5 29. f3 {[#]} (29. Ne2 $11 {remains equal.}
Nxe2+ 30. Bxe2) 29... Bg7 (29... Bxh3 $1 $17 30. gxh3 Nxf3+ 31. Kh1 Bg7) 30.
Na4 $15 Be6 $36 {[%mdl 2048] White is under pressure.} 31. Bc3 Rad8 32. Qb2 (
32. b5 $15 Rd7 33. bxc6 bxc6 34. Rb4) 32... Rd7 $17 33. Rd2 {[#]} Red8 $1 34.
Kh1 Qh6 35. Rbd1 $2 {[#] Now White is beyond hope.} (35. b5 $17) 35... Bb3 $1
$19 36. Qxb3 (36. Bxd4 Bxd1) 36... Nxb3 37. Rxd7 Rxd7 38. Rxd7 {Black must now
prevent Rd6.} Qe6 39. Rd8+ Kh7 {aiming for ...Bxc3.} 40. Rd6 Qe7 {And now ...
Bxc3 would win.} 41. Bc4 Bxc3 42. Nxc3 {[#]} Qe5 $1 43. Ne2 {[#]} Qb2 ({
Less strong is} 43... Qa1+ 44. Kh2 $17) 44. Ng1 $2 (44. e5) 44... Nd2 {Black
is clearly winning.} 45. Be2 Kg7 46. Rd7 b5 47. cxb6 axb6 {[%cal Ba7b6,Bb6b5]
[%mdl 32]} 48. Rd6 Nb3 49. Bc4 Nd4 50. Rd7 b5 51. Bxf7 Kf6 52. Be8 Nc2 53. Rd2
Qc1 54. Rd7 Ne3 55. Rf7+ Ke6 56. Rg7 g4 {( -> ...g3)} 57. Bd7+ Kf6 {Weighted
Error Value: White=0.32/Black=0.05} 0-1

[Event "FIDE Chesscom Grand Swiss 2021"]
[Site "Riga"]
[Date "2021.10.28"]
[Round "2.40"]
[White "Morovic Fernandez, Ivan"]
[Black "Abdusattorov, Nodirbek"]
[Result "1/2-1/2"]
[WhiteElo "2510"]
[BlackElo "2646"]
[Annotator "TA"]
[PlyCount "119"]
[EventDate "2021.10.27"]
[EventType "swiss"]
[EventCountry "LAT"]
[Tiebreak "Cut1 Buchholz+Sonneborn-Berger (Swiss)"]
[SourceTitle "playchess.com"]
[Source "ChessBase"]
[SourceQuality "1"]

{[%evp 20,119,48,48,53,8,33,33,38,13,22,0,0,0,0,-31,-40,-48,-35,-52,49,31,38,0,
0,-1,0,0,0,-27,-22,-72,-20,-27,0,-212,-237,-237,-217,-285,-284,-284,-264,-222,
-200,-206,-185,-227,-150,-157,-8,-8,-8,-8,-8,-8,0,-8,0,0,0,-8,-8,-8,-8,-8,0,-8,
0,0,0,0,0,-8,-8,-8,-8,-8,0,-32,-8,-8,0,0,0,0,0,0,0,0,0,0,0,0,0,0,0,0,0,0,0,
-489]} 1. e4 e5 2. Nf3 d6 3. d4 exd4 4. Qxd4 Nc6 5. Bb5 Bd7 6. Bxc6 Bxc6 7. Nc3
Nf6 8. Bg5 Be7 9. O-O-O h6 10. Bh4 O-O 11. Rhe1 Re8 {C62: Ruy Lopez: Steinitz
Defence.} 12. Kb1 Nd7 13. Bxe7 Qxe7 {White is slightly better.} 14. Nd5 Qd8 {
[#]} 15. Re3 $146 ({Predecessor:} 15. Nb4 Nb8 16. Qc4 Qc8 17. Nd4 Bxe4 18. Nb5
d5 19. Nxd5 Bxd5 20. Qxd5 Rxe1 21. Rxe1 {1/2-1/2 (27) Peters,J (2430)
-Littlewood,P (2345) London 1978}) 15... a5 {[%cal Ba7a5,Ba5a4,Ba4a3][%mdl 32]}
16. c4 a4 17. Nd2 Bxd5 18. cxd5 a3 19. b3 Nf6 (19... Qh4 $1 $15) 20. Rc1 Qd7
21. Rec3 Qg4 {[%cal Rf6e4]} 22. Rg3 ({Reject} 22. Rxc7 Nxe4 23. Nxe4 Rxe4 $17)
22... Qf4 23. Rxc7 Rac8 24. Rxc8 (24. Rxb7 Rxe4 25. Rc3 Rxd4 26. Rxc8+ Kh7 27.
Rbc7 Rxd2 28. Rc1 Qxf2 29. R8c2 Nxd5 30. h3 Nc3+ $1 {[%mdl 512]} 31. Ka1 Rxc2
32. Rxc2 Qg1+ 33. Rc1 Qxc1#) 24... Rxc8 25. b4 h5 (25... g6 $17 26. Rxa3 {[#]}
Nxe4 $1) 26. h3 h4 $40 {[%mdl 128] Black is up to no good.} 27. Rc3 (27. Rxa3
$11 Nxe4 28. Rd3) 27... Rxc3 $19 28. Qxc3 Qxf2 29. Qc8+ Kh7 30. Qf5+ Qxf5 31.
exf5 Nxd5 {[%mdl 4096] Endgame KN-KN} 32. Ne4 Nxb4 33. Nxd6 Nd5 34. Kc2 Ne3+ ({
Black should try} 34... Kh6 $17 35. Nxf7+ Kh5) 35. Kd3 $11 Nxg2 36. Ke4 Ne1 37.
Nxb7 Kh6 38. Nd6 f6 39. Kf4 Kh5 40. Ke4 Nc2 {...Nb4 is the strong threat.} 41.
Kf4 $1 Nd4 42. Ke3 Nc6 {Strongly threatening ...Nb4.} 43. Kf4 Ne5 44. Nb5 Nd3+
45. Ke3 Nb4 (45... Nb2 {seems wilder.} 46. Nxa3 Nd1+ 47. Kf3 Nc3 48. Nc2 Kg5)
46. Kf4 Nxa2 {White must now prevent ...Nc1.} 47. Nxa3 Nc3 {Hoping for ...Nd1.}
48. Nc2 $1 Nb5 (48... Nd1 {looks sharper.} 49. Kf3 Kg5 50. Nd4 Nc3 51. Ke3 Nb1)
49. Ne3 Nd4 50. Ke4 {The position is equal.} Ne2 {aiming for ...Ng1.} (50...
Nb3 {is more complex.} 51. Kf4 Nc1 52. Nd5 Ne2+ 53. Kf3 Ng3) 51. Kf3 Nc1 {
And now ...Kg5 would win.} (51... Ng3 $5 52. Kf4 $8 Kh6 $11) 52. Nc2 $1 Nb3 {
Threatens to win with ...Kg5.} 53. Kf4 Nc5 54. Nd4 Nd3+ 55. Ke3 Nb4 56. Ne6
Nd5+ 57. Ke4 Nc3+ 58. Kf3 Nb5 59. Kf4 g5+ 60. Ke4 $2 {[%mdl 40960] Weighted
Error Value: White=0.17/Black=0.16. An unexpected result.} (60. fxg6 $1 $11
Kxg6 61. Kg4) 1/2-1/2

[Event "FIDE Chesscom Grand Swiss 2021"]
[Site "Riga"]
[Date "2021.10.28"]
[Round "2.41"]
[White "Tari, Aryan"]
[Black "Gretarsson, Hjorvar Steinn"]
[Result "1-0"]
[WhiteElo "2646"]
[BlackElo "2577"]
[Annotator "TA"]
[PlyCount "127"]
[EventDate "2021.10.27"]
[EventType "swiss"]
[EventCountry "LAT"]
[Tiebreak "Cut1 Buchholz+Sonneborn-Berger (Swiss)"]
[SourceTitle "playchess.com"]
[Source "ChessBase"]
[SourceQuality "1"]

{[%evp 11,127,19,30,36,47,37,55,24,29,19,46,-17,107,101,102,102,81,61,68,50,91,
90,88,68,86,81,126,54,85,77,84,64,61,25,54,71,173,177,185,189,197,157,158,129,
279,120,162,124,125,113,165,165,148,141,168,122,152,144,214,205,217,197,214,
219,221,207,268,217,208,239,267,273,270,265,250,150,143,146,155,124,118,48,88,
79,92,94,86,53,58,72,53,58,59,48,235,251,1632,1903,1862,835,1389,1782,1456,709,
2545,2230,2553,2545,1710,1599,29969,29970,29974,29975,29974,29976,29976,29977]
} 1. e4 c6 2. d4 d5 3. e5 Bf5 4. Nf3 e6 5. Be2 Nd7 6. O-O h6 7. a4 {[%cal
Ba2a4,Ba4a5][%mdl 32] B12: Caro-Kann: Advance Variation.} Ne7 8. a5 Rc8 9. Nbd2
{White is slightly better.} g5 10. Nb3 Bg7 11. Ne1 {[#]} ({White should try} 
11. c3 $14) 11... b6 $146 (11... c5 $11 {keeps the balance.}) ({Predecessor:} 
11... c5 12. Nxc5 Nxc5 13. dxc5 a6 14. Be3 Bxe5 15. c3 O-O 16. Bd4 Qc7 17. Nf3
Bg7 18. Bxg7 Kxg7 {1-0 (64) Akopian,V (2675)-Ghaem Maghami,E (2574) Doha 2016})
12. axb6 $16 axb6 13. f4 gxf4 14. Bxf4 (14. Rxf4 $6 c5 $11) 14... c5 15. Ba6
Rc7 16. Bb5 O-O 17. c3 cxd4 18. cxd4 Rc4 19. Rc1 (19. Qd2 $16) 19... Rb4 20.
Bd3 b5 21. Bd2 Rc4 22. Qh5 Bg6 23. Qh3 Kh7 (23... Bxd3 $16 24. Nxd3 Nf5) 24.
Bxg6+ $18 (24. Bxc4 bxc4 25. Nc5 Nxc5 $11) 24... Nxg6 25. Nf3 Qb6 {[%cal Rd7e5]
} 26. Kh1 Rxc1 27. Rxc1 f6 (27... b4 $16 {was necessary.} 28. Qh5 Qb5) 28. Ba5
(28. Nc5 $1 $18 {[%cal Rc5e6] and the rest is easy.} Nxc5 29. dxc5) 28... Qa6
$16 29. Rc7 Rf7 30. exf6 $1 Bxf6 (30... Nf4 $16 31. Qg4 b4) 31. Bd2 $18 Kg8 32.
Qxh6 Ngf8 33. Qe3 Qa2 34. Bc1 Nb6 (34... Bg7 $16 {keeps fighting.} 35. h4 Ne5
36. Rxf7 (36. Nxe5 Rxc7 37. Nc5 Qb1 $17) 36... Nxf7) 35. Rxf7 Kxf7 36. Qd3 Nc4
37. h4 Nd6 38. Kh2 Qa4 39. Bf4 Qc4 {[#]} 40. Qd1 Ne4 41. Ne5+ Bxe5 42. Bxe5 ({
Less strong is} 42. dxe5 Ng6 $14) 42... Ke7 43. h5 Nd7 44. Qf3 Qc2 45. h6 {
And now Qg4 would win.} Nef6 {[#]} 46. Kh3 (46. Qf4 $1 $16) 46... Qg6 47. Bf4
Ne4 48. Kh2 Ndf6 49. Na5 {Hoping for Nc6+.} Ng5 50. Nc6+ Ke8 51. Qe2 $36 {
[%mdl 2048] White is more active.} Qxh6+ 52. Kg1 Nfe4 $2 (52... Nh3+ $14 53.
gxh3 Qxf4) 53. Qxb5 Qg7 $2 ({Wrong is} 53... Nh3+ $2 54. gxh3 Qg7+ 55. Kh2 $18)
(53... Qh5 54. Ne5+ Kf8) 54. Qb8+ Kf7 55. Qc7+ (55. Qb7+ $142 Kg6 56. Qxg7+
Kxg7 57. b4) 55... Kg6 56. Qxg7+ Kxg7 {[%mdl 4096] Endgame KBN-KNN} 57. b4 {
[%cal Bb2b4,Bb4b5,Bb5b6][%mdl 32]} Nf7 58. b5 Ned6 59. Bxd6 Nxd6 60. b6 Kf6 61.
Nd8 {White mates.} e5 62. dxe5+ Kxe5 63. b7 Nxb7 64. Nxb7 {Weighted Error
Value: White=0.18/Black=0.38} 1-0

[Event "FIDE Chesscom Grand Swiss 2021"]
[Site "Riga"]
[Date "2021.10.28"]
[Round "2.42"]
[White "Deac, Bogdan-Daniel"]
[Black "Miezis, Normunds"]
[Result "1/2-1/2"]
[WhiteElo "2643"]
[BlackElo "2467"]
[Annotator "TA"]
[PlyCount "77"]
[EventDate "2021.10.27"]
[EventType "swiss"]
[EventCountry "LAT"]
[Tiebreak "Cut1 Buchholz+Sonneborn-Berger (Swiss)"]
[SourceTitle "playchess.com"]
[Source "ChessBase"]
[SourceQuality "1"]

{[%evp 18,77,38,52,33,46,45,43,30,39,44,47,46,43,37,41,57,57,38,52,64,16,17,17,
17,14,26,0,26,33,43,44,52,44,47,53,43,46,47,43,44,51,58,58,58,65,79,79,139,38,
68,83,70,0,0,-8,0,0,0,0,0,0]} 1. Nf3 c5 2. c4 Nc6 3. d4 cxd4 4. Nxd4 Nf6 5. Nc3
e6 6. g3 Bc5 7. Nb3 Bb4 8. Bg2 d5 9. cxd5 Nxd5 10. O-O {[%cal Rc3d5]} Nxc3 {
A33: Symmetrical English: 2 Nf3 Nf6 3 d4 cxd4 4 Nxd4 e6 5 Nc3 Nc6.} 11. Qxd8+
Nxd8 12. bxc3 Bxc3 {White is slightly better.} 13. Rb1 a5 14. Nc5 {[%mdl 1024]
White has compensation.} e5 15. Na4 Bb4 16. a3 Be7 17. Nb6 Rb8 18. Rb5 {[#]} f6
$146 ({Predecessor:} 18... Bg4 19. f3 Be6 20. f4 Nc6 21. f5 Bc8 22. Be3 O-O 23.
a4 h5 24. Be4 Rd8 {1-0 (72) Trzcinski,I (2339)-Brzoza,M (2331) ICCF email 2018}
) 19. Rd1 Bg4 20. f3 Be6 21. f4 Nc6 22. Bb2 {[%cal Rf4e5]} Kf7 23. fxe5 Nxe5
24. Bxe5 fxe5 25. Rxe5 Rhd8 26. Rf1+ Bf6 27. Rxa5 Ke7 {[#] Threatens to win
with ...Bd4+.} 28. Rb5 Rd2 29. Bf3 Ra2 30. a4 Rd8 31. Rc1 Kf8 32. Kg2 Rdd2 ({
Black should play} 32... Re8) 33. h4 (33. Rc7 $16) 33... Bd4 34. Nd5 {Hoping
for Nf4.} Rxa4 35. Rxb7 (35. Nf4 $14 Bd7 36. Rxb7) 35... Rxe2+ $1 $11 {The
position is equal.} 36. Kh1 {[#] Black must now prevent Rb8+.} Bxd5 37. Bxd5
Ra1 38. Rxa1 Bxa1 39. Rf7+ {Weighted Error Value: White=0.11/Black=0.06}
1/2-1/2

[Event "FIDE Chesscom Grand Swiss 2021"]
[Site "Riga"]
[Date "2021.10.28"]
[Round "2.43"]
[White "Kuybokarov, Temur"]
[Black "Paravyan, David"]
[Result "1-0"]
[WhiteElo "2549"]
[BlackElo "2642"]
[Annotator "TA"]
[PlyCount "115"]
[EventDate "2021.10.27"]
[EventType "swiss"]
[EventCountry "LAT"]
[Tiebreak "Cut1 Buchholz+Sonneborn-Berger (Swiss)"]
[SourceTitle "playchess.com"]
[Source "ChessBase"]
[SourceQuality "1"]

{[%evp 10,115,7,0,18,8,15,6,13,14,24,4,20,14,17,10,25,19,13,22,24,12,18,0,0,0,
0,0,0,0,0,0,26,36,25,42,68,72,60,60,70,72,66,61,106,105,98,97,96,106,99,97,120,
97,93,92,175,168,214,207,183,136,220,202,199,197,267,233,245,250,344,347,339,
339,315,345,469,473,441,435,434,431,457,456,656,646,650,651,638,633,1196,725,
623,325,620,588,576,568,1047,867,952,932,5960,4794,29970,29971,29970,12663]} 1.
e4 e6 2. d4 d5 3. Nc3 Nf6 4. e5 Nfd7 5. f4 c5 6. Nf3 cxd4 {C11: French:
Classical System: 4 e5 and 4 Bg5 dxe4.} 7. Nxd4 Bc5 8. Be3 O-O {The position
is equal.} 9. Qd2 a6 10. a3 Nc6 11. Qf2 {[#]} g5 $146 (11... Qc7 {seems wilder.
} 12. Nxc6 Qxc6 13. Bd3 b6 14. O-O Bxe3 15. Qxe3 Qc5) ({Predecessor:} 11... Qb6
12. O-O-O Nxd4 13. Bxd4 Bxd4 14. Qxd4 Qxd4 15. Rxd4 Nb8 16. g3 Nc6 17. Rd1 g5 {
1-0 (50) Muzychuk,A (2555)-Mkrtchian,L (2390) Astana 2019}) 12. g3 Bxd4 13.
Bxd4 Nxd4 14. Qxd4 gxf4 $1 15. gxf4 Qh4+ 16. Qf2 Qxf2+ 17. Kxf2 f6 18. Rg1+ Kh8
19. exf6 Nxf6 20. Ke3 Bd7 21. Bd3 Rf7 22. Rg5 Raf8 23. Rag1 Ne8 24. Ne2 Nd6 25.
Re5 Rf6 26. Rh5 {[%csl Gd3][%cal Rh5h7] [#]} R6f7 27. Nd4 Nc4+ 28. Bxc4 dxc4
29. Nf3 Be8 ({Wrong is} 29... Rxf4 $2 30. Ng5 $18) 30. Rh4 Rc7 31. Ne5 Rg7 32.
Rg3 b5 (32... Rfg8 $16) 33. Rh6 $18 Re7 34. c3 Rf5 35. Rg4 a5 (35... Rh5 $16
36. Rxh5 Bxh5) 36. Kd4 Rf8 37. Kc5 Rc7+ (37... a4 $142 38. h3 Rc7+ 39. Kd6 Rb7
40. Kxe6 (40. Rxe6 Bf7 $18) 40... Bf7+ 41. Kd6 Be8) 38. Kd6 Rg7 {Now ...Rxg4
and Black clings on.} 39. Rxe6 Rxg4 40. Nxg4 {[%mdl 4096] Endgame KRB-KRN} Bg6
{With the idea ...Bf5.} 41. Nf6 Kg7 42. Ke5 b4 43. Re7+ Bf7 44. f5 Rb8 {
[#] White must now prevent ...Rb5+.} 45. Nxh7 $1 {[%mdl 512]} Rb5+ (45... Kxh7
46. Rxf7+) 46. Kf4 {Threatens to win with Ng5.} bxc3 (46... Kxh7 $142 47. Rxf7+
Kh6 48. axb4 axb4) 47. bxc3 Kxh7 48. Rxf7+ {KR-KR} Kh6 49. Rf6+ Kh5 50. Rf8 {
[%cal Rf8h8]} Kh6 51. Rh8+ Kg7 52. Rc8 Rb2 53. Rxc4 Rxh2 {aiming for ...Rh4+.}
54. Ke5 Re2+ 55. Re4 Rc2 56. c4 a4 57. Kd6 Rc3 58. Ke7 {Weighted Error Value:
White=0.05/Black=0.21} (58. c5 $142 Rxa3 59. c6 Rc3 60. Rxa4 Rd3+ 61. Kc5 Rf3
62. c7 Rxf5+ 63. Kb6) 1-0

[Event "FIDE Chesscom Grand Swiss 2021"]
[Site "Riga"]
[Date "2021.10.28"]
[Round "2.44"]
[White "Sasikiran, Krishnan"]
[Black "Vokhidov, Shamsiddin"]
[Result "1-0"]
[WhiteElo "2640"]
[BlackElo "2521"]
[Annotator "TA"]
[PlyCount "117"]
[EventDate "2021.10.27"]
[EventType "swiss"]
[EventCountry "LAT"]
[Tiebreak "Cut1 Buchholz+Sonneborn-Berger (Swiss)"]
[SourceTitle "playchess.com"]
[Source "ChessBase"]
[SourceQuality "1"]

{[%evp 23,117,0,8,0,0,0,0,14,13,0,0,0,0,0,11,0,54,64,64,24,38,19,80,53,39,33,
35,0,0,0,0,0,52,19,23,17,54,52,108,70,79,84,89,107,176,160,295,313,294,302,281,
209,209,209,209,209,209,209,208,161,179,176,203,203,203,201,268,244,254,253,
239,208,216,208,240,234,227,206,206,195,205,198,12838,12839,12842,12843,12845,
12845,12845,12846,12846,12847,12848,12848,12850,27999]} 1. e4 e5 2. Nf3 Nc6 3.
Bb5 a6 4. Ba4 Nf6 5. O-O Nxe4 6. d4 b5 7. Bb3 d5 8. dxe5 Be6 9. c3 Bc5 10. Nbd2
{[%cal Bb1d2,Bd2f1,Bf1e3][%mdl 32]} O-O 11. Bc2 Nxf2 12. Rxf2 f6 13. Nf1 {
C82: Open Ruy Lopez: 9 c3 without 9...Be7.} Bxf2+ 14. Kxf2 fxe5 15. Kg1 {
The position is equal.} Bg4 {...e4 is the strong threat.} 16. Ne3 Be6 {[#]} 17.
Nf1 $1 $146 {[%mdl 8] A relevant novelty.} ({Predecessor:} 17. b3 Kh8 18. Ba3
Rf4 19. Bc5 d4 20. cxd4 exd4 21. Qd3 Bg8 22. Nf5 Qd5 23. Ba3 Re8 24. Rd1 Rfe4
25. Ng3 {1-0 (51) Carlsen,M (2855)-Mamedyarov,S (2762) chess24.com INT 2021})
17... Bg4 18. Ne3 Be6 {18...Be6 is the modern continuation.} 19. b4 d4 {[#]} (
19... a5 $11) 20. Qd3 $1 $14 g6 21. cxd4 {And now Bb3 would win.} (21. Qe4 $5 {
[%cal Re4c6]} dxe3 22. Qxc6 $14) 21... Nxb4 22. Qc3 (22. Qa3 $5 {[%cal Ra3b4]}
Nxc2 23. Nxc2 $11) 22... Rxf3 23. Qxb4 $16 Rf4 24. Bb3 Qd7 25. Nc2 Rf7 26. Bh6
Bxb3 27. axb3 Rd8 (27... exd4 $11 28. Nxd4 Qg4) 28. d5 Qxd5 29. h3 Qd3 30. Ne3
{[%mdl 1024] Hoping for Rd1. White has compensation.} Qd6 {White stays focused
until the end.} ({Black should play} 30... g5 $14 31. Bxg5 Rd4) 31. Qh4 {
Threatens to win with Rd1.} Qd4 32. Qe1 {aiming for Rd1.} Rd6 33. Kh2 Qe4 (
33... g5 $16 34. Bxg5 h6) 34. Qg3 $1 $18 Rd3 (34... Re6 $16) 35. Rxa6 {Black
must now prevent Qg4.} Rf4 {[#]} ({Worse is} 35... Rxb3 36. Qh4 $3 {[%mdl 512]}
Qf4+ 37. Bxf4 exf4 38. Ng4 Rg3 39. Ra8+ Rf8 40. Qf6 $1 {[%mdl 512]} Rxg2+ 41.
Kxg2 f3+ 42. Kxf3 h5 43. Rxf8+ Kh7 44. Rh8#) 36. Qg5 $1 {[%cal Rg5e7]} Qxe3 37.
Re6 Qxh3+ 38. gxh3 {Intending Re8+ and mate.} Rd2+ {[#]} 39. Qg2 $3 {[%cal
Rg2d2]} Rxg2+ 40. Kxg2 {[%mdl 4096] Endgame KRB-KR} Kf7 41. Rc6 Rb4 42. Rxc7+
Kf6 43. Rc3 Kf5 44. Rf3+ Ke4 45. Kf2 Rd4 46. Ke2 Rd7 47. Re3+ Kf5 48. Rg3 Rd4
49. Rf3+ Ke4 50. Rc3 Kf5 51. Rg3 Re4+ 52. Be3 h6 $2 {[#]} (52... Rb4) 53. Rg4
$1 {White is clearly winning.} Rxg4 54. hxg4+ Kxg4 55. Bxh6 {KB-K3P} g5 56. Ke3
Kf5 57. Bf8 e4 58. Bh6 Kg6 {[#]} 59. Bxg5 $1 {[%mdl 512] Weighted Error Value:
White=0.10/Black=0.19} 1-0

[Event "FIDE Chesscom Grand Swiss 2021"]
[Site "Riga"]
[Date "2021.10.28"]
[Round "2.45"]
[White "Matlakov, Maxim"]
[Black "Martirosyan, Haik M."]
[Result "1/2-1/2"]
[WhiteElo "2682"]
[BlackElo "2624"]
[Annotator "TA"]
[PlyCount "78"]
[EventDate "2021.10.27"]
[EventType "swiss"]
[EventCountry "LAT"]
[Tiebreak "Cut1 Buchholz+Sonneborn-Berger (Swiss)"]
[SourceTitle "playchess.com"]
[Source "ChessBase"]
[SourceQuality "1"]

{[%evp 11,78,16,24,12,11,7,27,0,0,0,0,0,0,0,6,5,5,5,5,5,5,5,25,7,16,9,16,15,23,
0,0,0,0,0,0,0,0,0,0,0,0,0,0,0,0,0,0,0,0,0,0,-3,-3,0,0,0,0,0,0,0,0,0,0,0,0,0,0,
0,0]} 1. d4 Nf6 2. c4 e6 3. Nf3 d5 4. Nc3 Be7 5. Bf4 O-O 6. e3 Nbd7 7. c5 {
D37: Queen's Gambit Declined: 5 Bf4.} c6 8. b4 b6 9. h4 {White has an edge.} a5
10. a3 Ne4 11. Nxe4 dxe4 12. Ne5 {[%cal Re5c6]} Nxe5 13. Bxe5 {[#]} f6 $146 ({
Predecessor:} 13... Qd5 14. Be2 Ba6 15. O-O Bxe2 16. Qxe2 axb4 17. axb4 bxc5
18. bxc5 Bxc5 19. Bxg7 Kxg7 20. dxc5 {1-0 (47) Caruana,F (2835)-Nakamura,H 
(2736) chess24.com INT 2020}) 14. Bg3 Qd5 {Threatening ...axb4.} 15. Be2 Ba6
16. O-O axb4 17. axb4 Bxe2 18. Qxe2 b5 19. Qb2 Kf7 20. Ra3 Ra4 {The position
is equal.} 21. Rxa4 bxa4 22. Ra1 Ra8 23. Qc2 a3 24. Bc7 f5 25. g3 h5 26. Qe2 g6
27. Ba5 Qb3 28. Qd2 g5 29. hxg5 Bxg5 30. Qa2 Qd3 31. Qb1 Qxb1+ 32. Rxb1 $11 {
[%mdl 4096] Endgame KRB-KRB} Be7 33. Ra1 e5 34. dxe5 Bxc5 35. Rxa3 Be7 36. Rc3
c5 37. Bb6 $1 cxb4 38. Rc7 {[#] And now Bc5 would win.} b3 {Threatens to win
with ...b2.} 39. Bd4 Rb8 {An uneventful encounter.  Weighted Error Value:
White=0.02/Black=0.01} 1/2-1/2